Southville International School and Colleges
Your cart is empty.
  • Cart
  • Lists
    Public lists Eva Luna New books Lux_list list_1
    Your lists Log in to create your own lists
  • Log in to your account
  • Your cookies
  • Search history
Southville International School and Colleges
  • Advanced search
  • Recent comments
  • Most popular
  • Libraries

Log in to your account

Log in with GOOGLE


If you do not have an external account, but do have a local account, you can still log in:

  1. Home
  2. MARC view: The effectiveness of social media marketing :
Normal view MARC view ISBD view

The effectiveness of social media marketing : (Record no. 329785)

[ view plain ]
MARC details
000 -LEADER
fixed length control field 00708nam a2200217Ia 4500
008 - FIXED-LENGTH DATA ELEMENTS--GENERAL INFORMATION
fixed length control field 170504s9999 xx 000 0 und d
050 ## - LIBRARY OF CONGRESS CALL NUMBER
Classification number HF 5415.1265
050 ## - LIBRARY OF CONGRESS CALL NUMBER
Item number .B173 2016
100 ## - MAIN ENTRY--PERSONAL NAME
Personal name Balbontin, Hosen R.
245 #4 - TITLE STATEMENT
Title The effectiveness of social media marketing :
245 ## - TITLE STATEMENT
Remainder of title an assessment on southville students' awareness, attitude, and responsiveness in participating in a campus event /
245 ## - TITLE STATEMENT
Statement of responsibility, etc Hosen R. Balbontin.
260 ## - PUBLICATION, DISTRIBUTION, ETC. (IMPRINT)
Place of publication, distribution, etc Las Piñas, Philippines :
260 ## - PUBLICATION, DISTRIBUTION, ETC. (IMPRINT)
Name of publisher, distributor, etc SISC,
260 ## - PUBLICATION, DISTRIBUTION, ETC. (IMPRINT)
Date of publication, distribution, etc 2016.
300 ## - PHYSICAL DESCRIPTION
Extent 53 pages :
300 ## - PHYSICAL DESCRIPTION
Other physical details illustrations ;
300 ## - PHYSICAL DESCRIPTION
Dimensions 28 cm.
500 ## - GENERAL NOTE
General note Includes bibliographical references and appendices.
521 ## - TARGET AUDIENCE NOTE
Target audience note Business Administration

No items available.

The effectiveness of social media marketing :

APA

Balbontin H. R., .The effectiveness of social media marketing. Las Piñas, Philippines: .

Chicago

Balbontin Hosen R, .The effectiveness of social media marketing. Las Piñas, Philippines: .

Harvard

Balbontin H. R., .The effectiveness of social media marketing. Las Piñas, Philippines: .

MLA

Balbontin Hosen R, .Las Piñas, Philippines: . .

  • Print
  • Cite
  • Add to your cart (remove)
  • Save record
    BIBTEX Dublin Core MARCXML MARC (non-Unicode/MARC-8) MARC (Unicode/UTF-8) MARC (Unicode/UTF-8, Standard) MODS (XML) RIS
  • More searches
    Search for this title in:
    Other Libraries (WorldCat) Other Databases (Google Scholar) Online Stores (Bookfinder.com) Open Library (openlibrary.org)

Exporting to Dublin Core...

SOUTHVILLE LIBRARY

Southville International School and Colleges Library

1281 Tropical Ave. Cor. Luxembourg St., BF Homes International, Las Pinas City

Tel. No. 8256374 / 252358 Loc. 117/146

Powered by Koha